000 01074nam a22003138a 4500
001 015629192
003 OSt
005 20150126123331.0
008 100810r20132009xxk fr2b f001 0 eng d
020 _a9780199595686 (pbk.)
020 _a0199595682 (pbk.)
040 _aStDuBDS
_beng
_cStDuBDS
_dEG-ScBUE
082 0 0 _a658.001
_222
_bOXF
245 0 4 _aThe Oxford handbook of critical management studies /
_cedited by Mats Alvesson, Todd Bridgman and Hugh Willmott.
250 _a1st ed.,
_breprinted.
260 _aOxford, United Kingdom :
_bOxford University Press,
_c2013.
300 _axxi, 582 p. ;
_c25 cm.
500 _aIndex : p. 563-582.
500 _aReprint of the 2009 ed.
504 _aIncludes bibliographical references.
650 0 _aManagement
_xPhilosophy
_935092
650 0 _aCritical theory
_911860
653 _bBUSADM
_cJanuary2015
655 _vreading book
_934232
700 1 _aAlvesson, Mats,
_d1956-
_937341
_eeditor.
700 1 _aBridgman, Todd.
_937342
_eeditor.
700 1 _aWillmott, Hugh
_937343
_eeditor.
942 _2ddc
_k658.001 OXF
999 _c18941
_d18913